GETS Theological Seminary Library

自然哲学 (Record no. 22821)

MARC details
000 -LEADER
fixed length control field 00806nam a2200265Ia 4500
003 - CONTROL NUMBER IDENTIFIER
control field OSt
005 - DATE AND TIME OF LATEST TRANSACTION
control field 20201022091520.0
008 - FIXED-LENGTH DATA ELEMENTS--GENERAL INFORMATION
fixed length control field 200830s9999||||xx |||||||||||||| ||und||
020 ## - INTERNATIONAL STANDARD BOOK NUMBER
International Standard Book Number 7100023823
020 ## - INTERNATIONAL STANDARD BOOK NUMBER
International Standard Book Number 9787100023825
040 ## - CATALOGING SOURCE
Transcribing agency GETS
041 ## - LANGUAGE CODE
Language code of text/sound track or separate title chi
Language code of original ger
050 ## - LIBRARY OF CONGRESS CALL NUMBER
Classification number BD581
Item number .F39 2015
100 ## - MAIN ENTRY--PERSONAL NAME
Personal name Hegel, Georg Wilhelm Friedrich
245 #0 - TITLE STATEMENT
Title 自然哲学
Remainder of title = Naturphilosophie /
Statement of responsibility, etc. 黑格尔 (Georg Wilhelm Friedrich Hegel) 著; 梁志学译
246 ## - VARYING FORM OF TITLE
Title proper/short title 自然哲學
Remainder of title = Naturphilosophie./
260 ## - PUBLICATION, DISTRIBUTION, ETC.
Place of publication, distribution, etc. 北京:
Name of publisher, distributor, etc. 商务印书馆,
Date of publication, distribution, etc. 2015, c1980
300 ## - PHYSICAL DESCRIPTION
Extent 656 p.
Other physical details ;
Dimensions 21 cm.
490 ## - SERIES STATEMENT
Series statement 汉译世界学术名著丛书
500 ## - GENERAL NOTE
General note Translation of: Naturphilosophie.
650 ## - SUBJECT ADDED ENTRY--TOPICAL TERM
Topical term or geographic name entry element Philosophy of nature.
700 ## - ADDED ENTRY--PERSONAL NAME
Personal name 梁志学
700 ## - ADDED ENTRY--PERSONAL NAME
Personal name 黑格尔
942 ## - ADDED ENTRY ELEMENTS (KOHA)
Koha item type Chinese Book
Holdings
Withdrawn status Lost status Source of classification or shelving scheme Damaged status Not for loan Home library Current library Shelving location Date acquired Total Checkouts Full call number Barcode Date last seen Price effective from Koha item type
    Library of Congress Classification     GETS Theological Seminary Library GETS Theological Seminary Library General Stacks 08/30/2020   BD581 .F39 2015 00010532 08/30/2020 08/30/2020 Chinese Book
OpacCredits

Contact the Librarian, GETS Library
Email: library@mygets.org









Implemented by GETS Library
(Powered by ETCA Professional Group)
GETS Theological Seminary
412 E. Rowland Street, CA 91723